Software security engineering : a guide for project managers (Record no. 11793)
[ view plain ]
| 000 -LEADER | |
|---|---|
| fixed length control field | 00414nam a22001457a 4500 |
| 020 ## - INTERNATIONAL STANDARD BOOK NUMBER | |
| International Standard Book Number | 9780321509178 |
| 082 ## - DEWEY DECIMAL CLASSIFICATION NUMBER | |
| Classification number | 005.8 ALL |
| 100 ## - MAIN ENTRY--PERSONAL NAME | |
| Personal name | Allen, Julia H. |
| 245 ## - TITLE STATEMENT | |
| Title | Software security engineering : a guide for project managers |
| 260 ## - PUBLICATION, DISTRIBUTION, ETC. | |
| Place of publication, distribution, etc. | New York |
| Name of publisher, distributor, etc. | Addison Wesley |
| Date of publication, distribution, etc. | 2008 |
| 300 ## - PHYSICAL DESCRIPTION | |
| Extent | xxiii, 334p. : |
| Accompanying material | 24 cm |
| 650 ## - SUBJECT ADDED ENTRY--TOPICAL TERM | |
| Topical term or geographic name entry element | Computer networks--Security measures |
| 700 ## - ADDED ENTRY--PERSONAL NAME | |
| Personal name | Julia H. Allen |
| 942 ## - ADDED ENTRY ELEMENTS (KOHA) | |
| Koha item type | Book |
| Withdrawn status | Lost status | Damaged status | Not for loan | Collection code | Permanent Location | Current Location | Shelving location | Date acquired | Source of acquisition | Cost, normal purchase price | Total Checkouts | Full call number | Barcode | Date last seen | Price effective from | Koha item type |
|---|---|---|---|---|---|---|---|---|---|---|---|---|---|---|---|---|
| Central Library (CL) | Central Library (CL) | First Floor - Artificial Intelligence/Data Mining | 04/22/2013 | Progressive International Agencies | 4022.93 | 005.8 ALL | SEECS012309 | 04/23/2013 | 04/23/2013 | Book |
